00756cam a2200229 a 450000100100000000500170001000800410002703500180006804000420008608200270012810000370015524500800019225000110027226000330028330000210031649000160033750400420035365000380039565100490043370000280048283000160051000001401320200929163434.0721207s1972 ag b 000 0 spa  a(OCoLC)510095 aDO-SdBNPbspacOCUdOCoLCdDLCdBNPHU a324.20982bP979p, 19721 aPuiggrós, Rodolfo,d1906-1980.13aEl peronismo :bsus causas /cRodolfo Puiggrós ; prólogo, Juan Perón. a3a ed. aBuenos Aires :bCepe,c1972. a172 p. ;c20 cm.1 aLos Porques aIncluye referencias bibliográficas. 4aPartídos políticoszArgentina 4aArgentinaxPolítica Y Gobiernoy1910-1943.1 aPerón, Juan,epról. 0aLos Porques